000 02258nam a22002297a 4500
005 20220404094913.0
008 220325b ||||| |||| 00| 0 eng d
020 _a9781119440550
040 _cAL
041 _aeng
082 _223
_a535.846
_bSMIM
100 _aEwen Smith
_925982
245 _aModern raman spectroscopy
_ba practical approach
250 _a2nd ed.
260 _aNew Jersey
_bWiley
_c2019
300 _ax,241p.
_bHB
_c23x10cm.
365 _2General
_a6469
_b₹4609.80
_c
_d₹5910.00
_e22%
_f12-03-2022
520 _aCompletely revised and updated, the second edition of Modern Raman Spectroscopy presents the formation needed for clear understanding and application of the technique of Raman Spectroscopy in a range of areas such as pharmaceuticals, forensics, and biology. The authors—noted experts on the topic—reveal how to make full use of the critical information presented and include a wealth of examples of the pitfalls that can be encountered. The text opens with a description of the basic theory to assist readers in making a practical interpretation of Raman Spectra. Chapters include the main equations that are used in order to highlight the theory’s meaning and relevance while avoiding a full mathematical treatment. Modern Raman Spectroscopy provides a firm grounding, combined with a variety of references, from which to approach a more comprehensive study of specific aspects of Raman Spectroscopy. Includes instrumentation sections that now contain Spatially Offset Raman scattering and transmission Raman scattering Offers an updated SERS chapter that presents recent examples and Tip enhanced Raman scattering Contains updated information with an emphasis on pharmaceutical, forensic, and biological applications Introduces modern techniques in the imaging and mapping of biological samples and more advanced methods which are becoming easier to use Written for users of Raman Spectroscopy in industry, including non-analysts, researchers, and academics, the second edition of Modern Raman Spectroscopy clearly demonstrates the potential of using Raman Spectroscopy for a wide range of applications.
650 _2Light and Related Radiation
700 _aDent, Geoffrey
_925983
942 _2ddc
_cBK
999 _c222032
_d222032